Dynamic Equations on Time Scales and Applications /

محفوظ في:
التفاصيل البيبلوغرافية
المؤلف الرئيسي: Agarwal, Ravi P. (edición)
مؤلفون آخرون: Hazarika, Bipan (edición) (edición), Tikare, Sanket (edición) (edición)
التنسيق: كتاب
اللغة:الإنجليزية
منشور في: Boca Ratón, EUA : CRC Press, 2025, c2025
الموضوعات:
الوسوم: إضافة وسم
لا توجد وسوم, كن أول من يضع وسما على هذه التسجيلة!

MARC

LEADER 00000nam^a2200000^a^4500
001 000595938
005 20250521000000.0
009 20260310133057.505
020 |a 978-1-032-74004-1 
037 |a Acervo ITESO - Biblioteca 
041 |a ING 
082 |a 515. 35  |b AGA 
100 |a Agarwal, Ravi P.  |e (edición) 
245 1 0 |a Dynamic Equations on Time Scales and Applications /  |c Ed. de R.P. Agarwal, B. Hazarika, S. Tikare. 
264 4 |a Boca Ratón, EUA :  |b CRC Press,  |c 2025, c2025 
300 |a XVI, 418 p. 
336 |a texto  |b txt  |2 rdacontenido 
337 |a sin mediación  |b n  |2 rdamedio 
338 |a volumen  |b nc  |2 rdasoporte 
521 |a Peticiones 2025 
649 |a XX 
650 |a Ecuaciones Diferenciales Parciales 
650 |a Ecuaciones Diferenciales No Lineales 
650 |a Ecuaciones Diferenciales Lineales 
650 |a Sistemas Lineales Invariantes en el Tiempo -  |x Tema Principal 
650 |a Sistemas de Control Lineal 
650 |a Ecuaciones Diferenciales -  |x Tema Principal 
650 |a Cálculo 
650 |a Matemáticas Aplicadas 
650 |a Matemáticas 
700 |a Hazarika, Bipan  |e (edición) 
700 |a Tikare, Sanket  |e (edición) 
910 |a Fondo General 
920 |a Impresos - Libros 
930 |a Colección General 
905 |a 101 
901 |a 595938-10  |b IT1  |c ACC  |i C189396  |u 20250521 
902 |a https://opac.biblio.iteso.mx/vufind/Record/000595938